5HLuxD.jpg

KING HENRY VIII SENIOR AND PRIMARY SCHOOL LIBRARY OPAC

JUNGLE PARTY (Record no. 4759)

000 -LEADER
fixed length control field 00335nam a22001217a 4500
008 - FIXED-LENGTH DATA ELEMENTS--GENERAL INFORMATION
fixed length control field 250320b ||||| |||| 00| 0 eng d
020 ## - INTERNATIONAL STANDARD BOOK NUMBER
International Standard Book Number 9781405221559
082 ## - DEWEY DECIMAL CLASSIFICATION NUMBER
Classification number 823.914 WIL
100 ## - MAIN ENTRY--PERSONAL NAME
Personal name WILDSMITH,BRIAN
Relator term AUTHOR
245 ## - TITLE STATEMENT
Title JUNGLE PARTY
260 ## - PUBLICATION, DISTRIBUTION, ETC.
Place of publication, distribution, etc. 239 Kensington High Street,London W8 6SA
Name of publisher, distributor, etc. Egmont UK Limited
Date of publication, distribution, etc. 2006
942 ## - ADDED ENTRY ELEMENTS (KOHA)
Source of classification or shelving scheme

No items available.

Powered By KH8 IT Dept